| 000 | 00935nam a22003137a 4500 | ||
|---|---|---|---|
| 001 | 0022795 | ||
| 003 | KOHA_MİRAKIL | ||
| 005 | 20260207002354.0 | ||
| 007 | ta | ||
| 008 | 101012b2000 tu a|||gr||||#||||0|tur | | ||
| 020 |
_a 9757337994 _c4 |
||
| 040 |
_aTR-BiSEU _btur _cTR-BiSEU _erda |
||
| 041 | 0 | _atur | |
| 044 | _ctu | ||
| 050 |
_aTK5105.875.I57 _bK38 2000 |
||
| 100 | 1 | _aKaragülle, İhsan. | |
| 245 | 1 |
_aYeni baslayanlar için internet 2000/ _cİhsan Karagülle ; İhsan Karagülle ; Zeydin Pala. |
|
| 264 | 1 |
_aİstanbul : _bTurkmen Kitabevi _c2000 |
|
| 300 |
_a468 sayfa : _bres. ; _c20 cm. |
||
| 336 |
_ametin _btxt _2rdacontent |
||
| 337 |
_aaracısız _bn _2rdamedia |
||
| 338 |
_acilt _bnc _2rdacarrier |
||
| 490 | 1 |
_aYayın No ; _v138. |
|
| 490 | 1 |
_aBilgisayar Dizisi ; _v69. |
|
| 650 | 0 |
_aInternet. _94392 |
|
| 830 | 1 |
_aYayın No ; _v138. _91861 |
|
| 830 | 1 |
_aBilgisayar Dizisi ; _v69. _92740 |
|
| 942 |
_2lcc _cBK |
||
| 999 |
_c22751 _d22751 |
||